zpět

Detail výsledku týmu

A-Sport, Hradec Králové

Datum a čas kvízu

21 Celkem bodů Celkový počet nahraných bodů na tomto kvízu bez doplňovacích otázek.
5. Pořadí na kvízu Konečné umístění týmu na tomto kvízu.

Zaznamenané odpovědi

# Otázka Odpověď Body Výsledky
1. Ve středu do Hradce Králové za... Spojené království Velké Británie a Severního Irska 0
2. Několika desítkám jedinců jist... o lachtanech 0
3. Legendární britská hudební sku... Pink Floyd 0
4. Europoslanci vyslyšeli volání... množství vypuštěných emisí 1
5. Fotbalisté Slavie Praha po blá... Feyenoord Rotterdam 0
6. Největší českou brankářskou le... v Pardubicích 0
7. Gólman je klíčovou součástí i... B) Irsko 1
8. Napište jméno jednoho z nejlep... Martin Galia 0
9. Český reprezentační florbalový... Lukáš Bauer 1
10. Přiřaďte správně jména fotbalo... 1A 2D 3B 4C 0